000 00363 a2200169 4500
001 188102
020 _a85-08-04736-3
040 _cMagnum
100 _aPorto, Cristina
240 1 0 _aSerafina sem rotina
_lpor
245 1 0 _aSerafina sem rotina
300 _a48
362 0 _a2003
440 1 _aÁtica
697 _aLITERATURA INFANTO-JUVENIL
942 _cBK
999 _c188102
_d188102